Κατάλογος Βιβλιοθηκών Mediterranean College

Υπολογιστικά μαθηματικά: υπολογιστικές μέθοδοι αριθμητικής ανάλυσης με χρήση MATLAB / (Record no. 9903)

MARC details
000 -LEADER
fixed length control field 03943nam a22002177a 4500
005 - ΗΜΕΡΟΜΗΝΙΑ ΚΑΙ ΩΡΑ ΤΕΛΕΥΤΑΙΑΣ ΕΝΗΜΕΡΩΣΗΣ
Πεδίο ελέγχου 20250829112822.0
006 - FIXED-LENGTH DATA ELEMENTS--ADDITIONAL MATERIAL CHARACTERISTICS
Πεδίο ελέγχου σταθερού μήκους a|||||r|||||||||||
008 - FIXED-LENGTH DATA ELEMENTS--GENERAL INFORMATION
Πεδίο ελέγχου σταθερού μήκους 250829b2013 |||||||| |||| 00| 0 eng d
020 ## - ISBN
ISBN 9789604910816
040 ## - ΠΗΓΗ ΚΑΤΑΛΟΓΟΓΡΑΦΗΣΗΣ
Φορέας πρωτότυπης καταλογογράφησης MC Athens Campus Library
Γλώσσα καταλογογράφησης Ελληνικά, Μοντέρνα (1453-)
Modifying agency MC Athens Campus Library
Κανόνες περιγραφικής καταλογογράφησης AACR2
100 ## - MAIN ENTRY--PERSONAL NAME
Personal name Γραββάνης, Γεώργιος Α.
9 (RLIN) 10038
245 10 - ΤΙΤΛΟΣ ΚΑΙ ΔΗΛΩΣΗ ΥΠΕΥΘΥΝΟΤΗΤΑΣ
Τίτλος Υπολογιστικά μαθηματικά: υπολογιστικές μέθοδοι αριθμητικής ανάλυσης με χρήση MATLAB /
Statement of responsibility, etc. Γεώργιος Α. Γραββάνης
260 ## - PUBLICATION, DISTRIBUTION, ETC.
Place of publication, distribution, etc. Αθήνα :
Name of publisher, distributor, etc. Παπασωτηρίου Εκδόσεις,
Date of publication, distribution, etc. 2013
300 ## - PHYSICAL DESCRIPTION
Extent 401 σ. :
Other physical details εικ. ;
Διαστάσεις 24 εκ.
504 ## - ΣΗΜΕΙΩΣΗ ΒΙΒΛΙΟΓΡΑΦΙΑΣ κλπ.
Σημείωση βιβλιογραφίας, κλπ. Βιβλιογραφία: σ. 397-401
520 ## - SUMMARY, ETC.
Summary, etc. Το βιβλίο αυτό παρουσιάζει θέματα Υπολογιστικών Μεθόδων Αριθμητικής Ανάλυσης και περιλαμβάνει υπολογιστικές και αλγοριθμικές τεχνικές υλοποιημένες στο περιβάλλον MATLAB, ως εργαλείο επίλυσης προβλημάτων για επιστήμονες και μηχανικούς. Ο σκοπός του βιβλίου αυτού είναι να παρουσιάσει τη μαθηματική και αλγοριθμική μελέτη των αριθμητικών υπολογιστικών μεθόδων με έμφαση στην ανάπτυξη, ανάλυση και υλοποίηση μαθηματικού λογισμικού στο υπολογιστικό περιβάλλον MATLAB . Οι αρχάριοι καθώς επίσης και οι πεπειραμένοι προγραμματιστές, θα βρουν διάφορες κατηγορίες υπολογιστικών μεθόδων και προβλημάτων στο βιβλίο αυτό, ενώ παράλληλα δίνεται έμφαση στη συγγραφή σαφούς και αναγνώσιμου κώδικα σε όλο το βιβλίο. Όλα τα σχετικά παραδείγματα έχουν επιλυθεί στο περιβάλλον MATLAB, που βασίζεται στη γλώσσα προγραμματισμού C. H επιλογή αυτού του περιβάλλοντος παρέχει πρόσβαση σε βιβλιοθήκες υψηλών επιδόσεων όπως το LAPACK, δίνοντας τη δυνατότητα στο χρήστη να αναπτύξει μαθηματικό λογισμικό επίλυσης προβλημάτων σε ελάχιστο χρόνο και με ελάχιστο προγραμματιστικό φόρτο. Επιπλέον το MATLAB, επιτρέπει τη γρήγορη και άμεση σύγκριση μεταξύ προγραμμάτων που έχει υλοποιήσει ο χρήστης και ενσωματωμένων ρουτινών καθώς και την ενσωμάτωση κώδικα σε γλώσσες όπως η FORTRAN και η C στο περιβάλλον, ώστε να χρησιμοποιηθούν παράλληλα με τις υπάρχουσες βιβλιοθήκες. Τέλος, οι υπολογιστικές μέθοδοι που διαπραγματεύεται το βιβλίο έχουν ευρεία εφαρμογή σε προβλήματα Μαθηματικών, Φυσικής, των Οικονομικών Επιστημών και της Επιστήμης των Μηχανικών. Συνεπώς η έκδοση αυτή είναι χρήσιμη σε προπτυχιακούς και μεταπτυχιακούς φοιτητές, μηχανικούς και επιστήμονες θετικών επιστημών και πληροφορικής.
650 00 - SUBJECT ADDED ENTRY--TOPICAL TERM
Topical term or geographic name entry element Μαθηματικά
Form subdivision Διδακτικά βιβλία
9 (RLIN) 10026
650 00 - SUBJECT ADDED ENTRY--TOPICAL TERM
Topical term or geographic name entry element Πληροφορική
9 (RLIN) 9850
942 ## - ADDED ENTRY ELEMENTS (KOHA)
Koha item type Books
Holdings
Τύπος τεκμηρίου Βιβλιοθήκη Τρέχουσα τοποθεσία Barcode Αριθμός εισαγωγής Ημερομηνία απόκτησης Ταξιθετικό σύμβολο Αριθμός αντιτύπου Κατάσταση απόσυρσης Κατάσταση χαμένου Κατάσταση κατεστραμμένου Μη δανεισμός Σύνολο δανεισμών Ημερομηνία τελευταίας εμφάνισης Η τιμή ισχύει από
Books MC Athens Campus Library MC Athens Campus Library 9780000098726 8040 29/08/2025 518.0285536/23 ΓΡΑ 1           29/08/2025 29/08/2025

MC Athens Campus Library
Πατησίων 94 & Κοδριγκτώνος 13, 104 34
Πελλήνης 8 & Πατησίων 107, 112 51
Τ: +30 210 8899600

MC Thessaloniki Campus Library
Ίωνος Δραγούμη 21, 54625 | Ίωνος Δραγούμη 15, 54625
Τ: +30 2310 287779 – Τ: +30 2314 440300